000 01260nam0a22003371 4500
001 rc\2227762
005 20260406130733.0
035 _a(NLR Aleph) 006708953
090 _a5322536
_c5322536
100 _a20110829d1978 |||y0rusy50 ca
101 0 _arus
102 _aRU
105 _ay z |||||
200 1 _aОт Второго к Третьему Интернационалу
_fЯ.Г. Темкин, Б.М. Туполев
210 _aМосква
_cМысль
_d1978
215 _a368 с.
_d20
320 _aСписок лит. в примеч.: с. 317-366
606 _aКоммунистический Интернационал
_2psbo
606 _aВторой Интернационал
_2psbo
606 _aМеждународное рабочее движение
_y20 в.
_2psbo
700 1 _aТемкин
_bЯ.Г.
_gЯков Григорьевич
701 1 _aТуполев
_bБ.М.
_gБорис Михайлович
702 0 _aВторой Интернационал
712 0 2 _aИнтернационал
_c2
_3RU\NLR\AUTH\8820628
_9314882
801 0 _aRU
_bNLR
_gpsbo
801 1 _aRU
_bELAR
_2rusmarc
852 _aNLR
_j78-3/3412
899 _aRuMoRGB
_jБ 78-3/326
899 _aRuMoRGB
_jБ 78-3/327
942 _cBOOK
980 _aNB